Unconventional Monetary Policies : Recent Experiences and Prospects.

This paper addresses three questions about unconventional monetary policies. First, what policies were tried, and with what objectives? Second, were policies effective? And third, what role might these policies continue to play in the future?

Bibliografiske detaljer
Institution som forfatter: International Monetary Fund
Format: Tidsskrift
Sprog:English
Udgivet: Washington, D.C. : International Monetary Fund, 2013.
Serier:Policy Papers; Policy Paper ; No. 2013/030
Online adgang:Full text available on IMF
LEADER 01273cas a2200241 a 4500
001 AALejournalIMF020161
008 230101c9999 xx r poo 0 0eng d
020 |c 5.00 USD 
020 |z 9781498341981 
022 |a 2663-3493 
040 |a BD-DhAAL  |c BD-DhAAL 
110 2 |a International Monetary Fund. 
245 1 0 |a Unconventional Monetary Policies :   |b Recent Experiences and Prospects. 
264 1 |a Washington, D.C. :  |b International Monetary Fund,  |c 2013. 
300 |a 1 online resource (48 pages) 
490 1 |a Policy Papers 
500 |a <strong>Off-Campus Access:</strong> No User ID or Password Required 
500 |a <strong>On-Campus Access:</strong> No User ID or Password Required 
506 |a Electronic access restricted to authorized BRAC University faculty, staff and students 
520 3 |a This paper addresses three questions about unconventional monetary policies. First, what policies were tried, and with what objectives? Second, were policies effective? And third, what role might these policies continue to play in the future? 
538 |a Mode of access: Internet 
830 0 |a Policy Papers; Policy Paper ;  |v No. 2013/030 
856 4 0 |z Full text available on IMF  |u http://elibrary.imf.org/view/journals/007/2013/030/007.2013.issue-030-en.xml  |z IMF e-Library